[Event "World ol U16"]
[Site "Corum"]
[Date "2019.10.31"]
[Round "4.18"]
[White "Tantipura, Noppakorn"]
[Black "Singh, Eshwant"]
[Result "1-0"]
[WhiteElo "1851"]
[BlackElo "1910"]
[PlyCount "79"]
[EventDate "2019.10.29"]
[EventType "team-swiss"]
[EventRounds "9"]
[EventCountry "TUR"]
[SourceTitle "CBM 192 Extra"]
[Source "Chessbase"]
[SourceDate "2019.11.06"]
[SourceVersion "1"]
[SourceVersionDate "2019.11.06"]
[SourceQuality "1"]
[WhiteTeam "Thailand"]
[BlackTeam "Malaysia II"]
[WhiteTeamCountry "THA"]
[BlackTeamCountry "MAS"]

1. b3 d5 2. Bb2 Nf6 3. e3 g6 4. Bxf6 exf6 5. d4 Bg7 6. g3 0-0 7. Bg2 c6 8. Ne2 Nd7 9. 0-0 f5 10. Qd3 Nf6 11. c4 Be6 12. Nbc3 Ne4 13. cxd5 cxd5 14. Rfc1 a6 15. f3 Nf6 16. Rc2 Bd7 17. a4 Re8 18. Nf4 g5 19. Nfe2 Bh6 20. f4 gxf4 21. Nxf4 Bxf4 22. gxf4 Be6 23. Ne2 Ne4 24. Ng3 Qh4 25. Qe2 Kh8 26. Nxe4 fxe4 27. Qf2 Qh5 28. Kh1 Rg8 29. Rf1 Rxg2 30. Qxg2 Rg8 31. Qf2 Bg4 32. h4 Bf3+ 33. Kh2 Qg4 34. Rg1 Qd7 35. Rxg8+ Kxg8 36. Qg3+ Bg4 37. h5 Kf8 38. Qh4 Bf3 39. Qf6 Kg8 40. h6 1-0

[Event "World ol U16"]
[Site "Corum"]
[Date "2019.10.29"]
[Round "1.15"]
[White "Lazavik, Denis"]
[Black "Singh, Eshwant"]
[Result "1-0"]
[WhiteElo "2368"]
[BlackElo "1910"]
[PlyCount "91"]
[EventDate "2019.10.29"]
[EventType "team-swiss"]
[EventRounds "9"]
[EventCountry "TUR"]
[SourceTitle "CBM 192 Extra"]
[Source "Chessbase"]
[SourceDate "2019.11.06"]
[SourceVersion "1"]
[SourceVersionDate "2019.11.06"]
[SourceQuality "1"]
[WhiteTeam "Belarus"]
[BlackTeam "Malaysia II"]
[WhiteTeamCountry "BLR"]
[BlackTeamCountry "MAS"]

1. d4 Nf6 2. c4 g6 3. g3 c6 4. Bg2 d5 5. b3 dxc4 6. bxc4 e5 7. Nf3 exd4 8. 0-0 c5 9. e3 Bg7 10. exd4 0-0 11. Ba3 Re8 12. Bxc5 Ne4 13. Ba3 Nc6 14. Nbd2 Nc3 15. Qb3 Ne2+ 16. Kh1 Nexd4 17. Nxd4 Nxd4 18. Qd1 Bf5 19. Bb2 Bc2 20. Qc1 Bd3 21. Bxd4 Bxd4 22. Rb1 Bxb1 23. Qxb1 Bg7 24. Bd5 Rb8 25. Qb3 Qe7 26. Nf3 Qf6 27. Kg2 Re2 28. h4 h6 29. Nh2 Rb2 30. Qa4 a6 31. Qd7 h5 32. Nf3 Re2 33. Qc7 Ree8 34. Ng5 Rec8 35. Qd7 Rf8 36. Re1 Bh6 37. Re7 Bxg5 38. hxg5 Qg7 39. Qd6 Rbd8 40. Qb6 Rde8 41. Bxf7+ Rxf7 42. Rxe8+ Kh7 43. Qe6 Rc7 44. Qe4 Qf7 45. Re6 Kg7 46. Rf6 1-0

[Event "Penang Mini op 2nd"]
[Site "Penang"]
[Date "2019.06.08"]
[Round "7"]
[White "Singh, Eshwant"]
[Black "Poh, Yu Tian"]
[Result "1/2-1/2"]
[WhiteElo "1702"]
[BlackElo "1927"]
[PlyCount "56"]
[EventDate "2019.06.05"]
[EventType "swiss"]
[EventRounds "9"]
[EventCountry "MAS"]
[SourceTitle "CBM 190 Extra"]
[Source "ChessBase"]
[SourceDate "2019.07.15"]
[SourceVersion "1"]
[SourceVersionDate "2019.07.15"]
[SourceQuality "1"]

1. d4 Nf6 2. c4 g6 3. g3 Bg7 4. Bg2 d5 5. cxd5 Nxd5 6. e4 Nb6 7. Ne2 c5 8. d5 0-0 9. Nbc3 e6 10. Be3 Na6 11. Qb3 exd5 12. exd5 Bf5 13. 0-0 Qd7 14. Rac1 Nc8 15. Qa3 Nd6 16. Bxc5 Nc4 17. Qb3 Nxc5 18. Qxc4 Nd3 19. Ra1 Nxb2 20. Qb3 Nd3 21. Rad1 Nc5 22. Qa3 Rfc8 23. d6 Bd3 24. Rxd3 Nxd3 25. Nd5 Ne5 26. Ne7+ Kh8 27. Nxc8 Rxc8 28. Qxa7 Qxd6 1/2-1/2

[Event "Penang Mini op 2nd"]
[Site "Penang"]
[Date "2019.06.05"]
[Round "2"]
[White "Ricnesh, Ravind GN"]
[Black "Singh, Eshwant"]
[Result "0-1"]
[WhiteElo "1487"]
[BlackElo "1702"]
[PlyCount "82"]
[EventDate "2019.06.05"]
[EventType "swiss"]
[EventRounds "9"]
[EventCountry "MAS"]
[SourceTitle "CBM 190 Extra"]
[Source "ChessBase"]
[SourceDate "2019.07.15"]
[SourceVersion "1"]
[SourceVersionDate "2019.07.15"]
[SourceQuality "1"]

1. e4 c5 2. Nf3 d6 3. c3 Nf6 4. Be2 g6 5. d3 Bg7 6. Nbd2 0-0 7. Nf1 Nc6 8. Ne3 d5 9. e5 Nh5 10. 0-0 Nf4 11. d4 cxd4 12. cxd4 Qb6 13. Nc2 Nxe2+ 14. Qxe2 Bf5 15. Rd1 Rac8 16. Nce1 f6 17. Be3 Be4 18. Rac1 fxe5 19. Nxe5 Nxe5 20. dxe5 Qa5 21. f3 Bf5 22. f4 Qxa2 23. Ra1 Qb3 24. Bxa7 Be4 25. Rac1 Rxc1 26. Rxc1 Rxf4 27. Rc8+ Rf8 28. Rxf8+ Bxf8 29. Bd4 e6 30. Qg4 Bf5 31. Qh4 Qb4 32. Nf3 Be7 33. Qf2 Qc4 34. h4 Qc1+ 35. Kh2 Qf4+ 36. Kg1 Be4 37. Be3 Qf5 38. Bd4 Bxf3 39. gxf3 Qf4 40. Kf1 Bxh4 41. Qe2 Qxd4 0-1

[Event "Penang op-A 9th"]
[Site "Penang"]
[Date "2017.12.06"]
[Round "4"]
[White "Singh, Eshwant"]
[Black "Goh, Jinghan Cameron"]
[Result "0-1"]
[WhiteElo "1641"]
[BlackElo "1878"]
[PlyCount "98"]
[EventDate "2017.12.04"]
[EventType "swiss"]
[EventRounds "9"]
[EventCountry "MAS"]
[SourceTitle "CBM 182 Extra"]
[Source "ChessBase"]
[SourceDate "2018.02.23"]
[SourceVersion "1"]
[SourceVersionDate "2018.02.23"]
[SourceQuality "1"]

1. d4 Nf6 2. c4 c5 3. d5 e6 4. Nc3 exd5 5. cxd5 d6 6. Nf3 g6 7. Bf4 Bg7 8. Qa4+ Bd7 9. Qb3 Qc7 10. e4 Nh5 11. Bd2 0-0 12. Bd3 a6 13. a4 Rc8 14. Be2 Re8 15. Qc2 Bg4 16. 0-0 Qe7 17. h3 Bxf3 18. Bxf3 Nf6 19. Rfe1 Nbd7 20. g3 c4 21. Be3 Rac8 22. a5 h5 23. Bd4 Ne5 24. Be2 Nfd7 25. Rad1 Nd3 26. Bxd3 Bxd4 27. Bf1 Ba7 28. Kg2 h4 29. f4 hxg3 30. Kxg3 g5 31. Qd2 f5 32. fxg5 f4+ 33. Kh2 Qxg5 34. Qg2 Qxg2+ 35. Bxg2 Ne5 36. Rf1 Rf8 37. Bf3 Be3 38. Ne2 Kh7 39. Nd4 c3 40. bxc3 Rxc3 41. Ne6 Rg8 42. Bg2 Rc2 43. Nxf4 Bxf4+ 44. Rxf4 Rgxg2+ 45. Kh1 Rh2+ 46. Kg1 Rxh3 47. Rf2 Nf3+ 48. Kf1 Rh1+ 49. Kg2 Rh2+ 0-1

[Event "Hong Kong Jolimark op"]
[Site "Hong Kong"]
[Date "2016.12.28"]
[Round "6"]
[White "Singh, Eshwant"]
[Black "Chong, Kai Ling Sylvia"]
[Result "1-0"]
[WhiteElo "1647"]
[BlackElo "1351"]
[PlyCount "79"]
[EventDate "2016.12.26"]
[EventType "swiss"]
[EventRounds "9"]
[EventCountry "HKG"]
[SourceTitle "CBM 176 Extra"]
[Source "ChessBase"]
[SourceDate "2017.03.02"]
[SourceVersion "1"]
[SourceVersionDate "2017.03.02"]
[SourceQuality "1"]

1. e4 c6 2. d4 d5 3. exd5 cxd5 4. Bd3 Nf6 5. h3 g6 6. Nf3 Bg7 7. Bf4 Nc6 8. c3 Bf5 9. 0-0 0-0 10. Re1 Rc8 11. Ne5 Nxe5 12. Bxe5 Bxd3 13. Qxd3 e6 14. Nd2 Nd7 15. Bxg7 Kxg7 16. f4 Qc7 17. Rf1 Nb6 18. g4 Nc4 19. Nxc4 Qxc4 20. Qe3 Rfe8 21. Qg3 Qc7 22. Qf2 f5 23. g5 Rh8 24. Rae1 Rce8 25. Kg2 h5 26. h4 Kf7 27. Re5 Re7 28. Rfe1 Rc8 29. Qe2 Qc6 30. Kh2 Qc4 31. Rxe6 Qxe2+ 32. R6xe2 Rxe2+ 33. Rxe2 Re8 34. Re5 a6 35. Kg2 Rxe5 36. dxe5 Ke6 37. Kf3 b6 38. Ke3 Ke7 39. Kd4 Ke6 40. a4 1-0

[Event "Hong Kong Jolimark op"]
[Site "Hong Kong"]
[Date "2016.12.26"]
[Round "2"]
[White "Singh, Eshwant"]
[Black "Leung, Ho Yan Andrew"]
[Result "0-1"]
[WhiteElo "1647"]
[BlackElo "2009"]
[PlyCount "82"]
[EventDate "2016.12.26"]
[EventType "swiss"]
[EventRounds "9"]
[EventCountry "HKG"]
[SourceTitle "CBM 176 Extra"]
[Source "ChessBase"]
[SourceDate "2017.03.02"]
[SourceVersion "1"]
[SourceVersionDate "2017.03.02"]
[SourceQuality "1"]

1. e4 c5 2. Nf3 d6 3. Bb5+ Nd7 4. 0-0 Ngf6 5. Re1 g6 6. e5 dxe5 7. Nxe5 Bg7 8. Qe2 0-0 9. Nxd7 Bxd7 10. Bxd7 Qxd7 11. Nc3 Rfd8 12. d3 h6 13. Be3 Qc6 14. Rad1 Rd7 15. d4 c4 16. Nb1 Nd5 17. c3 b5 18. Nd2 Nb6 19. Nf3 Rad8 20. Rd2 a5 21. Red1 Qe4 22. Ne1 Nd5 23. Nc2 Nb6 24. Re1 Na4 25. Na3 Qd5 26. Qd1 Qc6 27. Qc2 Rc8 28. Rc1 Nb6 29. b3 e6 30. Qb2 Bf8 31. Rdc2 h5 32. Nb1 Nd5 33. Nd2 Qa6 34. Nf3 Bd6 35. Nd2 Rc6 36. a4 cxb3 37. Qxb3 Rb7 38. axb5 Rxb5 39. Qa2 Rb8 40. Ne4 Be7 41. Ra1 Qd3 0-1

[Event "Penang op-B 7th"]
[Site "Penang"]
[Date "2015.12.12"]
[Round "9"]
[White "Singh, Eshwant"]
[Black "Ding, Dao En"]
[Result "1-0"]
[WhiteElo "1750"]
[BlackElo "1305"]
[PlyCount "65"]
[EventDate "2015.12.07"]
[EventType "swiss"]
[EventRounds "9"]
[EventCountry "MAS"]
[SourceTitle "CBM 170 Extra"]
[Source "ChessBase"]
[SourceDate "2016.02.25"]
[SourceVersion "1"]
[SourceVersionDate "2016.02.25"]
[SourceQuality "1"]

1. e4 c5 2. Nf3 Nc6 3. Bb5 g6 4. 0-0 Bg7 5. Re1 e5 6. c3 Nge7 7. d3 0-0 8. Be3 d6 9. d4 b6 10. Qd2 Bg4 11. d5 Bxf3 12. gxf3 a6 13. Bxc6 Nxc6 14. dxc6 Qc7 15. Qd5 Rac8 16. Rd1 Rfd8 17. Bg5 Re8 18. Qxd6 Qxc6 19. Qxc6 Rxc6 20. Rd7 Bf6 21. Bxf6 Rxf6 22. Nd2 Ree6 23. Kf1 Kg7 24. Ke2 Kh6 25. Rd5 Kg5 26. Rg1+ Kh4 27. Rg3 g5 28. Nc4 Rf4 29. Nxe5 f5 30. Nd3 fxe4 31. Nxf4 gxf4 32. Rg4+ Kh3 33. Rh5# 1-0